000 00662nam a2200241 i 4500
001 C2-0289116
003 PPAK
005 20180728022015.0
008 080721s2008 my a|||| ||||| | may d
020 _a9789838938556
040 _aPPAK
_beng
_cPPAK
_erda
082 0 4 _a741.5
_223
090 0 0 _a741.5
_bUJA
_dG
100 0 _aUjang,
_eauthor
245 1 0 _aIntelligent Blues Club
264 1 _aKuala Lumpur :
_bCreative Enterprise ,
_c2008
300 _a61 pages :
_billustrations ;
_c28 cm
336 _2rdacontent
_atext
337 _2rdamedia
_aunmediated
338 _2rdacarrier
_avolume
650 1 0 _aMalays--Comic books, strips, etc
942 _ddc
_cB
999 _c94611
_d94611